X-Men Prequel Franchise: Significant Characters - Statistics

General Stats
  • This quiz has been taken 21 times
  • The average score is 21 of 28
Answer Stats
Actor When They Were First Introduced Character % Correct
James McAvoy X-Men: First Class (2011) Charles Xavier/Professor X (Young)
100%
Michael Fassbender X-Men: First Class (2011) Erik Lehnsherr/Magneto (Young)
100%
Jennifer Lawrence X-Men: First Class (2011) Raven/Mystique (Young)
100%
Lucas Till X-Men: First Class (2011) Alex Summers/Havok
95%
Nicholas Hoult X-Men: First Class (2011) Hank McCoy/Beast (Young)
95%
January Jones X-Men: First Class (2011) Emma Frost
89%
Sophie Turner X-Men: Apocalypse (2016) Jean Grey/Phoenix (Young)
89%
Tye Sheridan X-Men: Apocalypse (2016) Scott Summers/Cyclops (Young)
89%
Zoë Kravitz X-Men: First Class (2011) Angel Salvadore
84%
Oscar Isaac X-Men: Apocalypse (2016) Apocalypse
84%
Rose Byrne X-Men: First Class (2011) Moira MacTaggert
84%
Evan Peters X-Men: Days of Future Past (2014) Peter Maximoff/Quicksilver
84%
Alexandra Shipp X-Men: Apocalypse (2016) Storm (Young)
84%
Ben Hardy X-Men: Apocalypse (2016) Warren Worthington/Angel (Young)
84%
Edi Gathegi X-Men: First Class (2011) Armando Muñoz/Darwin
79%
Caleb Landry Jones X-Men: First Class (2011) Sean Cassidy/Banshee
79%
Kevin Bacon X-Men: First Class (2011) Sebastian Shaw
79%
Jason Flemyng X-Men: First Class (2011) Azazel
74%
Kodi Smit-McPhee X-Men: Apocalypse (2016) Kurt Wagner/Nightcrawler (Young)
74%
Olivia Munn X-Men: Apocalypse (2016) Psylocke
74%
Omar Sy X-Men: Days of Future Past (2014) Bishop
58%
Peter Dinklage X-Men: Days of Future Past (2014) Bolivar Trask
53%
Booboo Stewart X-Men: Days of Future Past (2014) Warpath
53%
Fan Bingbing X-Men: Days of Future Past (2014) Blink
47%
Adam Canto X-Men: Days of Future Past (2014) Sunspot
47%
Josh Helman X-Men: Days of Future Past (2014) William Stryker (Young)
47%
Álex González X-Men: First Class (2011) Riptide
42%
Jessica Chastain Dark Phoenix (2019) Vuk
26%
No matching quizzes found
Score Distribution
Percent of People with Each Score
Percentile by Number Answered
Your Score History
You have not taken this quiz